Prekvapujúce rozdiely, medzi dvoma susedmi s Vladimírom Bezděkom aj o podstate dôchodkového systému

Rozhovor s Vladimírom Bezděkom, predsedom predstavenstva Generali Slovensko, o podstate dôchodkového systému, poistných trhoch a rozdieloch medzi klientmi.

Gespeichert in:
Bibliographische Detailangaben
1. Verfasser: Škriniar, Pavel, 1979-
Weitere Verfasser: Bezděk, Vladimír
Format: Buchkapitel
Sprache:Slowakisch
Schlagworte:
Tags: Tag hinzufügen
Keine Tags, Fügen Sie das erste Tag hinzu!

MARC

LEADER 00000naa a2200000 4500
001 0143337
005 20240502072554.3
041 0 |a slo 
044 |a SK 
245 1 0 |a Prekvapujúce rozdiely, medzi dvoma susedmi  |b s Vladimírom Bezděkom aj o podstate dôchodkového systému  |c Pavel Škriniar 
520 |a Rozhovor s Vladimírom Bezděkom, predsedom predstavenstva Generali Slovensko, o podstate dôchodkového systému, poistných trhoch a rozdieloch medzi klientmi. 
610 2 0 |a manažéri 
610 2 0 |a spoločnosti 
610 2 0 |a predstavenstvo 
610 2 0 |a riadenie vrcholové 
610 2 0 |a manažment produktový 
610 2 0 |a riadenie finančné 
610 2 0 |a vedenie ľudí 
610 2 0 |a trh poistný 
610 2 0 |a poistenie dôchodkové 
610 2 0 |a systémy dôchodkové 
100 1 |a Škriniar, Pavel, 1979- 
700 1 |a Bezděk, Vladimír